| 000 | 00668nam a2200229 i 4500 | ||
|---|---|---|---|
| 001 | 17581 | ||
| 003 | ES-MaACL | ||
| 005 | 20240222063045.0 | ||
| 007 | t| | ||
| 008 | 010404s2001 sp ||||1| spa d | ||
| 020 | _a84-08-03647-5 | ||
| 080 | _a821.134.2-94"19" | ||
| 100 | 1 |
_aUmbral, Francisco, _d1932-2007 _9111971 |
|
| 245 | 1 | 0 |
_aMadrid, tribu urbana _b: del socialismo a don Froilán / _cFrancisco Umbral. |
| 250 | _a3ª ed. | ||
| 260 |
_aBarcelona : _bPlaneta, _c2001. |
||
| 300 |
_a263 p. ; _c24 cm. |
||
| 490 | 1 | _aLa España plural | |
| 830 | 0 |
_aLa España plural _9179753 |
|
| 852 |
_aES-MaACL _jL-24512 _bR.129608 |
||
| 999 |
_c17581 _d17581 |
||